Statystyki dla Flagi państw z najwyższym procentem czerwieni

Kliknij tutaj aby rozwiązać quiz!

Ogólne statystyki

  • Ten quiz został rozwiązany 26 201 razy
  • Średni wynik to 12 z 15

Statystyki odpowiedzi

Odpowiedź% Poprawnych
Chiny
99%
Turcja
99%
Szwajcaria
97%
Albania
96%
Dania
94%
Łotwa
92%
Maroko
88%
Czarnogóra
86%
Tunezja
84%
Wietnam
84%
Tajwan
64%
Kirgistan
57%
Tonga
41%
Timor Wschodni
37%
Samoa
35%

Rozkład punktacji

Percentyl według liczby udzielonych odpowiedzi

Procent ludzi z każdym wynikiem

Twoja historia wyników

Nie rozwiązałeś tego quizu